Quelques propos sur le pouvoir en psychothérapie et en psychanalyse (notice n° 1595351)

détails MARC
000 -LEADER
fixed length control field 01501cam a2200241 4500500
005 - DATE AND TIME OF LATEST TRANSACTION
control field 20251228073523.0
041 ## - LANGUAGE CODE
Language code of text/sound track or separate title fre
042 ## - AUTHENTICATION CODE
Authentication code dc
100 10 - MAIN ENTRY--PERSONAL NAME
Personal name Radiszcz, Esteban
Relator term author
245 00 - TITLE STATEMENT
Title Quelques propos sur le pouvoir en psychothérapie et en psychanalyse
260 ## - PUBLICATION, DISTRIBUTION, ETC.
Date of publication, distribution, etc. 2011.<br/>
500 ## - GENERAL NOTE
General note 41
520 ## - SUMMARY, ETC.
Summary, etc. RésuméSous une approche politique du problème des psychothérapies, on examine l’ Evidence-based Psychotherapy qui, née dans les vingt dernières années, semble représenter une forme de gouvernementalité contemporaine des vivants. Néanmoins, un tel examen ne saurait se faire sans se trouver confronté à la vive et difficile question du pouvoir en psychanalyse.
520 ## - SUMMARY, ETC.
Summary, etc. About the notion of power in psychotherapy and psychoanalysisWe approach the issue of psychotherapies from a political angle and analyze the « Evidence-based Psychotherapy » born during the last twenty years and which seems to propose a kind of governance of the living. Yet this analysis is bound to lead us to face the tricky issue of power in psychoanalysis.
690 ## - LOCAL SUBJECT ADDED ENTRY--TOPICAL TERM (OCLC, RLIN)
Topical term or geographic name as entry element biopouvoir
690 ## - LOCAL SUBJECT ADDED ENTRY--TOPICAL TERM (OCLC, RLIN)
Topical term or geographic name as entry element evidence-based Psychotherapy
690 ## - LOCAL SUBJECT ADDED ENTRY--TOPICAL TERM (OCLC, RLIN)
Topical term or geographic name as entry element politique de la psychanalyse
690 ## - LOCAL SUBJECT ADDED ENTRY--TOPICAL TERM (OCLC, RLIN)
Topical term or geographic name as entry element bio-power
690 ## - LOCAL SUBJECT ADDED ENTRY--TOPICAL TERM (OCLC, RLIN)
Topical term or geographic name as entry element evidence-based Psychotherapy
690 ## - LOCAL SUBJECT ADDED ENTRY--TOPICAL TERM (OCLC, RLIN)
Topical term or geographic name as entry element the politics of psychoanalysis
786 0# - DATA SOURCE ENTRY
Note Savoirs et clinique | 14 | 2 | 2011-10-01 | p. 54-63 | 1634-3298
856 41 - ELECTRONIC LOCATION AND ACCESS
Uniform Resource Identifier <a href="https://shs.cairn.info/revue-savoirs-et-cliniques-2011-2-page-54?lang=fr&redirect-ssocas=7080">https://shs.cairn.info/revue-savoirs-et-cliniques-2011-2-page-54?lang=fr&redirect-ssocas=7080</a>

Pas d'exemplaire disponible.

PLUDOC

PLUDOC est la plateforme unique et centralisée de gestion des bibliothèques physiques et numériques de Guinée administré par le CEDUST. Elle est la plus grande base de données de ressources documentaires pour les Étudiants, Enseignants chercheurs et Chercheurs de Guinée.

Adresse

627 919 101/664 919 101

25 boulevard du commerce
Kaloum, Conakry, Guinée

Réseaux sociaux

Powered by Netsen Group @ 2025